Nutrition research in South-East Asia the emerging agenda of the future
Saved in:
| Main Author: | |
|---|---|
| Corporate Author: | |
| Format: | Book |
| Published: |
New Delhi
World Health Organization, Regional Office for South-East Asia
1994
|
| Series: | WHO regional publications. South-East Asia series ;
23. |
| Subjects: | |
| Online Access: | Visit NHRC Library |
| Tags: |
Add Tag
No Tags, Be the first to tag this record!
|
| LEADER | 01183nam a22002657a 4500 | ||
|---|---|---|---|
| 001 | 2121278 | ||
| 010 | |a 96900909 | ||
| 020 | |a 9290221666 | ||
| 060 | |a QU 145 | ||
| 100 | 1 | |a Gopalan, C. |9 1425 | |
| 245 | 1 | 0 | |a Nutrition research in South-East Asia |b the emerging agenda of the future |c C. Gopalan. |
| 260 | |a New Delhi |b World Health Organization, Regional Office for South-East Asia |c 1994 | ||
| 300 | |a ix, 135 p. ; |c 25 cm. | ||
| 490 | 1 | |a Regional publication, SEARO ; |v no. 23 | |
| 504 | |a Includes bibliographical references. | ||
| 650 | 0 | |a Nutrition |x Research |z South Asia. |9 1426 | |
| 650 | 0 | |a Dietitics |x Research |z South Asia. |9 1427 | |
| 653 | |a 88-05 | ||
| 710 | 2 | |a World Health Organization. |b Regional Office for South-East Asia. |9 69 | |
| 830 | 0 | |a WHO regional publications. |p South-East Asia series ; |v 23. |9 310 | |
| 856 | |u http://nhrc.org.np/index.php?option=com_content&view=article&id=48&Itemid=53 |y Visit NHRC Library | ||
| 942 | |2 NLM |c BK | ||
| 952 | |0 0 |1 0 |2 NLM |4 0 |6 QU_145_000000000000000_GOP_1994 |7 0 |9 1547 |a NHRC |b NHRC |c CART |d 2013-03-29 |l 0 |o QU 145/GOP/1994 |p 000452 |r 2013-03-29 |w 2013-03-29 |y BK | ||
| 955 | |a wd03;03/08/96; yj 11 10-01-96; yj77 10-02-96 | ||
| 999 | |c 1506 |d 1506 | ||